Catálogo público

Efecto de suplementar vitamina E, R-carnitina y taninos en el comportamiento productivo de ganado bovino en finalización / (Record no. 169602)

MARC details
000 -CABECERA
campo de control de longitud fija 01296nam a2200349Ia 4500
001 - NÚMERO DE CONTROL
campo de control Z_6346
003 - IDENTIFICADOR DEL NÚMERO DE CONTROL
campo de control CHAP
005 - FECHA Y HORA DE LA ÚLTIMA TRANSACCIÓN
campo de control 20231011143107.0
008 - DATOS DE LONGITUD FIJA--INFORMACIÓN GENERAL
campo de control de longitud fija 220113s2012 xx 000 0 und d
010 ## - NÚMERO DE CONTROL DE LA BIBLIOTECA DEL CONGRESO
Número de control de LC 169602
040 ## - FUENTE DE LA CATALOGACIÓN
Centro/agencia transcriptor CHAP
090 ## - LOCALMENTE ASIGNADO TIPO-LC NÚMERO DE CLASIFICACIÓN (OCLC); NÚMERO DE CLASIFICACIÓN LOCAL (RLIN)
Número de clasificación (OCLC) (R) ; Numero de clasificación, CALL (RLIN) (NR) Tesis G37 2233
100 ## - ENTRADA PRINCIPAL--NOMBRE DE PERSONA
Nombre de persona Garduño Juárez, José Roberto
9 (RLIN) 144514
245 ## - MENCIÓN DE TÍTULO
Título Efecto de suplementar vitamina E, R-carnitina y taninos en el comportamiento productivo de ganado bovino en finalización /
Mención de responsabilidad, etc. José Roberto Garduño Juárez y Elena Ponce Cruz
260 ## - PUBLICACIÓN, DISTRIBUCIÓN, ETC.
Lugar de publicación, distribución, etc. México :
Nombre del editor, distribuidor, etc. ,
Fecha de publicación, distribución, etc. 2012
300 ## - DESCRIPCIÓN FÍSICA
Extensión 52 p.
502 ## - NOTA DE TESIS
Nota de tesis Tesis ( Ingeniero Agrónomo Especialista en Zootecnia )--UACh,2012 \ Dirección: Gilberto Aranda Osorio; asesoría: Juan Carlos García Ortiz y Omar Hernández Mendo
650 ## - PUNTO DE ACCESO ADICIONAL DE MATERIA--TÉRMINO DE MATERIA
Término de materia o nombre geográfico como elemento de entrada Aditivos
9 (RLIN) 144515
650 ## - PUNTO DE ACCESO ADICIONAL DE MATERIA--TÉRMINO DE MATERIA
Término de materia o nombre geográfico como elemento de entrada Desempeño productivo
9 (RLIN) 144516
650 ## - PUNTO DE ACCESO ADICIONAL DE MATERIA--TÉRMINO DE MATERIA
Término de materia o nombre geográfico como elemento de entrada Ganado bovino
9 (RLIN) 138033
650 ## - PUNTO DE ACCESO ADICIONAL DE MATERIA--TÉRMINO DE MATERIA
Término de materia o nombre geográfico como elemento de entrada Toretes
9 (RLIN) 144517
700 ## - PUNTO DE ACCESO ADICIONAL--NOMBRE DE PERSONA
Nombre de persona Aranda Osorio, Gilberto, director
9 (RLIN) 142804
700 ## - PUNTO DE ACCESO ADICIONAL--NOMBRE DE PERSONA
Nombre de persona García Ortiz, Juan Carlos, asesor
9 (RLIN) 144518
700 ## - PUNTO DE ACCESO ADICIONAL--NOMBRE DE PERSONA
Nombre de persona Hernández Mendo, Omar, asesor
9 (RLIN) 139224
700 ## - PUNTO DE ACCESO ADICIONAL--NOMBRE DE PERSONA
Nombre de persona Ponce Cruz, Elena, coaut.
9 (RLIN) 144519
856 42 - LOCALIZACIÓN Y ACCESO ELECTRÓNICOS
Identificador Uniforme del Recurso <a href="http://10.13.5.2/tesis/115176.pdf">http://10.13.5.2/tesis/115176.pdf</a>
Texto de enlace Descargar PDF
901 ## - ELEMENTOS DE DATOS A LOCAL LDA (RLIN)
a TESIS G37 2233
902 ## - ELEMENTOS DE DATOS B LOCAL, LDB (RLIN)
a M
910 ## - DATOS DE OPCIÓN DEL USUARIO (OCLC)
Datos de opción del usuario 2012
942 ## - ELEMENTOS DE PUNTO DE ACCESO ADICIONAL (KOHA)
Tipo de ítem Koha Tesis_
Fuente del sistema de clasificación o colocación Dewey Decimal Classification
942 ## - ELEMENTOS DE PUNTO DE ACCESO ADICIONAL (KOHA)
Tipo de ítem Koha Tesis_
Fuente del sistema de clasificación o colocación Dewey Decimal Classification
Holdings
Estado de retiro Estado de pérdida Fuente del sistema de clasificación o colocación Estado dañado No para préstamo Código de colección Localización permanente Ubicación/localización actual Fecha de adquisición Fuente de adquisición Total de préstamos Signatura topográfica completa Código de barras Fecha visto por última vez Número de copia Precio válido a partir de Tipo de ítem Koha Restricciones de uso
    Clasificación Universidad Autónoma de Chapingo   Excluido de préstamo Tesis Zootecnia Zootecnia 29/05/2013 El autor   Tesis G37 2233 z_T 3934 18/01/2022 1 18/01/2022 CD  
    Clasificación Universidad Autónoma de Chapingo   Excluido de préstamo Tesis Zootecnia Zootecnia 29/05/2013 El autor   Tesis G37 2233 z_T 3935 18/01/2022 2 18/01/2022 CD  
    Clasificación Universidad Autónoma de Chapingo     Tesis Zootecnia Zootecnia 29/05/2013 El autor   Tesis G37 2233 z_T 3936 18/01/2022 3 18/01/2022 Tesis Préstamo 5 días